| 000 | 00529 a2200193 4500 | ||
|---|---|---|---|
| 999 |
_c204591 _d204591 |
||
| 005 | 20201124132357.0 | ||
| 008 | 201021b ||||| |||| 00| 0 eng d | ||
| 020 | _a9781887354639 | ||
| 040 | _clc | ||
| 050 |
_aQB 44.3 _bWAT 2009 |
||
| 100 | _aWatson, John | ||
| 245 |
_aThe Sky Handbook / _cJohn Watson and Michael Kerrigan |
||
| 260 |
_aGlasgow : _bSaraband, _c2009 |
||
| 300 |
_a400 pages : _billustrations. |
||
| 504 | _aIncludes index | ||
| 650 |
_aAstronomy _xPopular |
||
| 700 | _aKerrigan, Michael | ||
| 942 | _cBOOK | ||